000 00382nam a2200145Ia 4500
008 230917s9999||||xx |||||||||||||| ||und||
040 _e41588
_aMAIN
041 _aEnglish
082 _a942 D554R
100 _aDickens, A G, ed.
245 0 _aReformation in England to the accession of Elizabeth
260 _aLondon
_bEdward Arnold
_c1967
300 _avii, 165 p.
942 _cBK
999 _c228513
_d228513